[Event "Michigan Open"]
[Site "Flint, MI"]
[Date "1998.??.??"]
[Round "?"]
[White "Ciaffone, Bob"]
[Black "Solon, Nathan"]
[Result "1-0"]
[WhiteElo "2200"]
[BlackElo "1915"]
[PlyCount "37"]
[EventDate "1998.09.??"]

{9/5} 1. Nf3 c5 2. c4 Nf6 3. Nc3 d5 4. cxd5 Nxd5 5. d4 cxd4 6. Qxd4 Nxc3 7.
Qxc3 Nc6 8. e4 e6 9. a3 f6 10. e5 f5 11. Bc4 Be7 12. O-O Bd7 13. b4 Qc7 14. Bb2
Kf7 15. Rac1 b6 16. Rfd1 Qb7 17. Qd3 Ke8 18. Ba6 Qc7 19. b5 1-0

[Event "Michigan Open"]
[Site "Flint, MI"]
[Date "1998.??.??"]
[Round "?"]
[White "Ciaffone, Bob"]
[Black "Santiago, Reynaldo"]
[Result "1-0"]
[WhiteElo "2200"]
[BlackElo "2035"]
[PlyCount "115"]
[EventDate "1998.09.??"]

{9/5} 1. e4 c5 2. Nf3 d6 3. d4 cxd4 4. Nxd4 Nf6 5. Nc3 a6 6. Be3 e5 7. Nb3 Be7
8. f3 Be6 9. Qd2 O-O 10. g4 d5 11. g5 d4 12. gxf6 Bxf6 13. Bf2 dxc3 14. Qxc3
Bxb3 15. Qxb3 Nc6 16. c3 Bg5 17. Rd1 Qf6 18. Ke2 b5 19. h4 Bh6 20. Bh3 Na5 21.
Qb4 Nc6 22. Qd6 Nd4+ 23. Rxd4 exd4 24. Qxf6 gxf6 25. Bxd4 Bg7 26. Rg1 Kh8 27.
h5 h6 28. Bf5 Rfd8 29. Ke3 a5 30. c4 bxc4 31. Rc1 Ra6 32. Rxc4 Rad6 33. Bc3 Rd1
34. Ra4 Rh1 35. Rxa5 Rxh5 36. Ra6 Rh2 37. Kf4 h5 38. Kg3 Rc2 39. Rc6 Re2 40. a4
Kg8 41. b4 Re3 42. b5 Rb8 43. Kf2 Rd3 44. Ke2 Rdd8 45. b6 Bf8 46. a5 Rd6 47.
Rxd6 Bxd6 48. Bxf6 Bb4 49. Be5 Bxa5 50. Bxb8 Bxb6 51. Be5 Bd8 52. Kf2 f6 53.
Bg3 Kg7 54. Kg2 Ba5 55. Kh3 Bd2 56. f4 Kh6 57. Kh4 Be3 58. Bd7 1-0

[Event "Michigan Open Reserve"]
[Site "Flint, MI"]
[Date "1998.??.??"]
[Round "?"]
[White "Choate, Eric"]
[Black "Saylor, Oliver"]
[Result "0-1"]
[WhiteElo "1605"]
[BlackElo "1605"]
[PlyCount "46"]
[EventDate "1998.09.??"]

1. e4 e5 2. Nf3 Nc6 3. Bc4 d6 4. h3 Nf6 5. d3 Be7 6. Nc3 Na5 7. Bb3 Nxb3 8.
axb3 O-O 9. O-O a6 10. d4 exd4 11. Nxd4 Re8 12. Re1 Bd7 13. Bf4 c5 14. Nf3 Bc6
15. Qd3 Nh5 16. Bh2 Nf6 17. Rad1 b5 18. Bxd6 Bxd6 19. Qxd6 Qxd6 20. Rxd6 Bxe4
21. Nxe4 Rxe4 22. Rxe4 Nxe4 23. Kf1 Nxd6 0-1

[Event "Michigan Amateur"]
[Site "Kalamazoo "]
[Date "1998.??.??"]
[Round "?"]
[White "Choate, Eric"]
[Black "Moore, Robert"]
[Result "0-1"]
[WhiteElo "1605"]
[BlackElo "1630"]
[PlyCount "66"]
[EventDate "1998.07.??"]

{7/18} 1. e4 c5 2. Bc4 e6 3. d3 Nc6 4. Nc3 Nf6 5. Nf3 Be7 6. O-O O-O 7. Bf4 d6
8. Re1 a6 9. e5 dxe5 10. Bxe5 b5 11. Bb3 Nxe5 12. Nxe5 Qb6 13. a4 Bb7 14. axb5
axb5 15. Ba2 Rfd8 16. Qe2 Bd6 17. Qe3 Bxe5 18. Qxe5 Qc6 19. f3 Qb6 20. Kh1 Qc6
21. Ne4 Nxe4 22. fxe4 c4 23. Red1 cxd3 24. cxd3 Rdc8 25. Qf4 Qc7 26. Qf2 Qc2
27. Qb6 Rxa2 28. Qxb7 Rxa1 29. Rg1 Rxg1+ 30. Kxg1 Qc1+ 31. Kf2 Qf4+ 32. Ke2
Rc2+ 33. Kd1 Qd2# 0-1

[Event "Michigan Amateur"]
[Site "Kalamazoo "]
[Date "1998.??.??"]
[Round "?"]
[White "Choate, Eric"]
[Black "Miller, Doug"]
[Result "0-1"]
[WhiteElo "1605"]
[BlackElo "1605"]
[PlyCount "92"]
[EventDate "1998.07.??"]

{7/18} 1. e4 c5 2. Bc4 Nc6 3. Nf3 a6 4. a4 d6 5. Nc3 g6 6. h3 Bg7 7. d3 e6 8.
Bd2 Nge7 9. O-O O-O 10. Re1 b6 11. Be3 Bb7 12. Qd2 Re8 13. Bh6 Ne5 14. Nh2 N7c6
15. Bxg7 Kxg7 16. Qf4 Nd4 17. Rac1 Nxc4 18. dxc4 e5 19. Qe3 Qd7 20. Ng4 Qe6 21.
Qh6+ Kg8 22. Nd5 Bxd5 23. exd5 Qe7 24. Qe3 Nf5 25. Qd2 h5 26. Nh6+ Nxh6 27.
Qxh6 Qf6 28. Re2 Qg7 29. Qxg7+ Kxg7 30. Rce1 f5 31. f4 e4 32. Kf2 Rab8 33. Re3
b5 34. axb5 axb5 35. cxb5 Rxb5 36. b3 h4 37. g3 hxg3+ 38. Kxg3 Rb4 39. c4 Reb8
40. Rb1 Rxc4 41. Rd1 Rcb4 42. Rb1 Rd4 43. Kh4 Kf6 44. Re2 Rxd5 45. Reb2 Rd3 46.
b4 Rh8# 0-1

[Event "Michigan Class D/E"]
[Site "Grand Rapids, MI"]
[Date "1998.??.??"]
[Round "?"]
[White "Choate, Eric"]
[Black "Mihelich, John"]
[Result "0-1"]
[WhiteElo "1605"]
[BlackElo "1605"]
[PlyCount "37"]
[EventDate "1998.01.??"]

1. e4 e5 2. Nf3 Nc6 3. Bc4 h6 4. d3 d6 5. Nc3 Nf6 6. h3 Be7 7. O-O O-O 8. Nd5
Nh7 9. c3 Kh8 10. d4 f5 11. exf5 Bxf5 12. dxe5 Qd7 13. Nf4 g5 14. Nh5 Bg6 15.
Nd4 Nxe5 16. Ne6 Nxc4 17. Nxf8 Rxf8 {[Remainder illegible]} 18. Re1 Ne5 19. Qe2
0-1

[Event "Michigan Open Reserve"]
[Site "Flint, MI"]
[Date "1998.??.??"]
[Round "?"]
[White "Choate, Eric"]
[Black "Johnson, Donta"]
[Result "0-1"]
[WhiteElo "1605"]
[BlackElo "1605"]
[PlyCount "96"]
[EventDate "1998.09.??"]

1. e4 e5 2. Nf3 Nc6 3. Bc4 Bc5 4. d3 Nf6 5. Nc3 O-O 6. Bg5 b6 7. O-O Bb7 8. Nd5
Be7 9. Re1 d6 10. d4 Na5 11. Qd3 Nxc4 12. Qxc4 Nxd5 13. Bxe7 Nxe7 14. dxe5 d5
15. exd5 Bxd5 16. Qc3 Bxf3 17. Qxf3 Ng6 18. Rad1 Qc8 19. h3 Re8 20. Qc3 c5 21.
Rd3 Qc7 22. Rde3 Rad8 23. e6 Rxe6 24. Rxe6 fxe6 25. Qc4 Qc6 26. Rxe6 Rd1+ 27.
Re1+ Qd5 28. Qxd5+ Rxd5 29. Re2 Kf7 30. Kf1 Rd1+ 31. Re1 Rxe1+ 32. Kxe1 Ke6 33.
Kd2 Nf4 34. g3 Nxh3 35. Ke3 Ng5 36. f4 Nf7 37. c4 Nd6 38. b3 Nf5+ 39. Kf3 Nd4+
40. Ke4 g6 41. g4 h5 42. gxh5 gxh5 43. Ke3 Kf5 44. Kf2 Kxf4 45. Kg2 h4 46. Kh3
Nf5 47. a3 Ke4 48. Kg4 Kd4 0-1

[Event "Michigan Class D/E"]
[Site "Grand Rapids, MI"]
[Date "1998.??.??"]
[Round "?"]
[White "Choate, Eric"]
[Black "Jaskot, Allan"]
[Result "1-0"]
[WhiteElo "1605"]
[BlackElo "1605"]
[PlyCount "133"]
[EventDate "1998.01.??"]

1. e4 Nf6 2. Nc3 e5 3. Nf3 Nc6 4. Bc4 h6 5. d3 Be7 6. O-O d6 7. h3 O-O 8. Nh2
Nd4 9. f4 c6 10. fxe5 dxe5 11. Nf3 b5 12. Bb3 Nxb3 13. axb3 Bc5+ 14. Kh1 Nh5
15. Qe1 Qd6 16. Qh4 Nf4 17. Nxe5 Qxe5 18. Bxf4 Qe7 19. Qg3 Bd4 20. Bd6 Qe8 21.
Bxf8 Qxf8 22. Qf4 b4 23. Na4 Qe8 24. Qd6 Qd7 25. Qxd7 Bxd7 26. c3 bxc3 27. bxc3
Bf6 28. Rab1 Rc8 29. d4 Rb8 30. Nc5 Be8 31. e5 Be7 32. Na6 Rb7 33. b4 f6 34.
exf6 Bxf6 35. Kh2 Bg6 36. Nc5 Rf7 37. Rbd1 Re7 38. c4 Bf7 39. d5 cxd5 40. cxd5
Be5+ 41. Kh1 Bd6 42. Rd2 Rc7 43. Ra1 Re7 44. Rdd1 g5 45. g4 Re4 46. Nd7 Re3 47.
Kg2 Rg3+ 48. Kh2 Rxg4+ 49. Kh1 Rxb4 50. Ra6 Bf4 51. d6 Rb3 52. Nf6+ Kh8 53. d7
Bc7 54. d8=Q+ Bxd8 55. Rxd8+ Kg7 56. Kg2 Rb6 57. Rxb6 axb6 58. Ne4 b5 59. Rd4
Bc4 60. Nd6 Be2 61. Rb4 g4 62. hxg4 Bxg4 63. Rxg4+ Kf6 64. Nxb5 Kf5 65. Kf3 h5
66. Re4 Kg5 67. Nc3 1-0

[Event "Michigan Amateur"]
[Site "Kalamazoo "]
[Date "1998.??.??"]
[Round "?"]
[White "Choate, Eric"]
[Black "Griffin, John"]
[Result "1/2-1/2"]
[WhiteElo "1605"]
[BlackElo "1605"]
[PlyCount "125"]
[EventDate "1998.07.??"]

{7/19} 1. e4 c5 2. Bc4 e6 3. Nc3 Nc6 4. Nf3 a6 5. O-O b5 6. Be2 g6 7. d3 Bg7 8.
Bd2 Nge7 9. a3 Nd4 10. Re1 O-O 11. Qc1 Bb7 12. Be3 d5 13. exd5 Nxe2+ 14. Rxe2
Nxd5 15. Bxc5 Nxc3 16. bxc3 Bxc3 17. Re3 Re8 18. Rb1 Bg7 19. Qd1 Qc7 20. Bb4
Rac8 21. c3 a5 22. Bxa5 Qxa5 23. Ra1 Rxc3 24. h3 Rec8 25. Re1 Rxa3 26. Rb1 b4
27. d4 Bxf3 28. gxf3 Qb6 29. Re4 Rd8 30. Qd2 Rxd4 31. Rxd4 Bxd4 32. Rxb4 Bxf2+
33. Kg2 Be3 34. Qb2 Ra2 35. Rxb6 Rxb2+ 36. Rxb2 e5 37. Re2 Bf4 38. Rc2 g5 39.
Rc6 Kg7 40. Kf2 h5 41. Kg2 f6 42. Rb6 Kg6 43. Rc6 Kf5 44. Rc4 Be3 45. Ra4 Bf4
46. Rc4 g4 47. fxg4+ hxg4 48. hxg4+ Kxg4 49. Kf2 f5 50. Rc3 e4 51. Ke2 Be5 52.
Rc4 Bh2 53. Ra4 Bg1 54. Rc4 Kf4 55. Rb4 Kg3 56. Rb3+ e3 57. Rb7 Kf4 58. Rg7 Bh2
59. Rg2 Bg3 60. Rg1 Bh4 61. Rf1+ Ke4 62. Rxf5 Kxf5 63. Kxe3 1/2-1/2

[Event "Michigan Open Reserve"]
[Site "Flint, MI"]
[Date "1998.??.??"]
[Round "?"]
[White "Choate, Eric"]
[Black "Carl, Kevin"]
[Result "0-1"]
[WhiteElo "1605"]
[BlackElo "1605"]
[PlyCount "68"]
[EventDate "1998.09.??"]

1. e4 c5 2. Bc4 d6 3. Nc3 Nc6 4. h3 Nf6 5. Nf3 e6 6. O-O Be7 7. d3 O-O 8. Re1
a6 9. a4 h6 10. Bd2 d5 11. exd5 exd5 12. Bb3 Be6 13. Qe2 Qc7 14. Ne5 Nd4 15.
Qd1 Rfe8 16. Bf4 Bd6 17. Qd2 Nc6 18. Nxc6 Bxf4 19. Qd1 Qxc6 20. Qf3 Bc7 21. Ne2
Qd6 22. Ng3 c4 23. dxc4 dxc4 24. Ba2 Bd5 25. Qc3 Ne4 26. Qa3 Nxg3 27. Qxg3 Qxg3
28. fxg3 Bxg3 29. Rf1 Re2 30. Rac1 Rxg2+ 31. Kh1 Rxc2+ 32. Kg1 Rg2+ 33. Kh1
Rxb2+ 34. Kg1 Rg2+ 0-1

[Event "Michigan Open"]
[Site "Flint, MI"]
[Date "1998.??.??"]
[Round "?"]
[White "Chehayeb, Sal"]
[Black "Smith, Michael R"]
[Result "1-0"]
[WhiteElo "1950"]
[BlackElo "2045"]
[PlyCount "57"]
[EventDate "1998.09.??"]

{9/7} 1. e4 e6 2. d4 d5 3. exd5 exd5 4. Nf3 Bd6 5. Bd3 Ne7 6. O-O Nbc6 7. c3
Bg4 8. Bg5 Qd7 9. b4 f6 10. Be3 Ng6 11. Re1 O-O-O 12. Qc2 Nce7 13. Nbd2 Bf5 14.
Bxf5 Nxf5 15. Rab1 Ngh4 16. g3 g5 17. c4 Nxd4 18. Bxd4 Qh3 19. Nxh4 gxh4 20.
Nf1 Rdf8 21. c5 Bf4 22. Qe2 hxg3 23. fxg3 Be5 24. Bxe5 Re8 25. Qf3 fxe5 26.
Qxd5 Qf5 27. Qe4 Qg5 28. Ne3 h5 29. Qf5+ 1-0

[Event "Michigan Open"]
[Site "Flint, MI"]
[Date "1998.??.??"]
[Round "?"]
[White "Chehayeb, Sal"]
[Black "Mazuchowski, Tom"]
[Result "1-0"]
[WhiteElo "1950"]
[BlackElo "2125"]
[PlyCount "67"]
[EventDate "1998.09.??"]

{9/6} 1. e4 c5 2. Nf3 Nc6 3. d4 cxd4 4. Nxd4 Nf6 5. Nc3 d6 6. Bg5 Bd7 7. Qd2 h6
8. Bxf6 gxf6 9. Bc4 a6 10. Nxc6 Bxc6 11. O-O-O e6 12. Rhe1 Qa5 13. Kb1 O-O-O
14. Qd3 h5 15. f4 h4 16. Qh3 Kb8 17. Bb3 d5 18. exd5 exd5 19. Qf5 Bb4 20. Qxf6
d4 21. Rxd4 Bxc3 22. bxc3 Rxd4 23. Qxh8+ Rd8 24. Qxh4 Rd2 25. Qh8+ Ka7 26. g3
f5 27. Qe5 Qb6 28. Qxf5 a5 29. Kc1 Rxh2 30. a4 Rh8 31. Qd3 Rh3 32. Qe3 Bd7 33.
Qxb6+ Kxb6 34. Re7 $138 1-0

[Event "Michigan Open"]
[Site "Flint, MI"]
[Date "1998.??.??"]
[Round "?"]
[White "Chehayeb, Sal"]
[Black "Burke, Tim"]
[Result "1-0"]
[WhiteElo "1950"]
[BlackElo "1755"]
[PlyCount "53"]
[EventDate "1998.09.??"]

{9/5} 1. e4 c5 2. Nf3 Nc6 3. d4 cxd4 4. Nxd4 g6 5. Nc3 Bg7 6. Be3 Nf6 7. Bc4
Qb6 8. Nb3 Qb4 9. Bd3 Nxe4 10. Bxe4 Bxc3+ 11. bxc3 Qxe4 12. O-O O-O 13. Re1 Qc4
14. Bh6 Re8 15. Qf3 d5 16. Rad1 Bg4 17. Qxd5 Qxc3 18. Re3 Qxc2 19. Rc1 Qxa2 20.
Qc4 Bd7 21. Qc3 e5 22. Ra1 Qxa1+ 23. Qxa1 b6 24. f4 f6 25. Qd1 Rad8 26. Qd5+
Kh8 27. Qf7 1-0

[Event "Lansing Action Quads"]
[Site "Lansing, MI"]
[Date "1998.??.??"]
[Round "?"]
[White "Charette, B."]
[Black "Stark, John"]
[Result "0-1"]
[WhiteElo "1605"]
[BlackElo "1605"]
[PlyCount "78"]
[EventDate "1998.??.??"]

1. d4 d5 2. Nf3 Nf6 3. Bf4 e6 4. h3 c5 5. c3 Nc6 6. e3 Be7 7. Bd3 O-O 8. O-O
Nd7 9. e4 cxd4 10. cxd4 dxe4 11. Bxe4 Nf6 12. Bc2 Nd5 13. Bh2 b6 14. Ne5 Bb7
15. Re1 Rc8 16. a3 Bd6 17. Qd3 g6 18. Nd2 Re8 19. Ndf3 Kg7 20. Rac1 Bb8 21. Ba4
Nxe5 22. Rxc8 Qxc8 23. dxe5 Rd8 24. Rd1 a6 25. Bb3 Ba7 26. a4 a5 27. Qc4 Qa8
28. h4 Rc8 29. Qe2 Nb4 30. Kf1 Ba6 31. Bc4 Bxc4 32. Qxc4 Rxc4 33. b3 Rc3 34.
Nd4 Qc8 35. Nb5 Rc1 36. Ke1 Rxd1+ 37. Kxd1 Qc2+ 38. Ke1 Nd3+ 39. Kf1 Qxf2# 0-1

[Event "Lansing Action Quads"]
[Site "Lansing, MI"]
[Date "1998.??.??"]
[Round "?"]
[White "Charette, B."]
[Black "Asbury, Victor"]
[Result "0-1"]
[WhiteElo "1605"]
[BlackElo "1605"]
[PlyCount "60"]
[EventDate "1998.??.??"]

1. d4 Nf6 2. Nf3 g6 3. Bf4 Bg7 4. Nbd2 O-O 5. e4 Nc6 6. c3 a6 7. Bd3 b5 8. O-O
Bb7 9. h3 e6 10. Re1 Nh5 11. Bh2 f5 12. Qb3 fxe4 13. Bxe4 Na5 14. Qc2 Bxe4 15.
Rxe4 Nb7 16. Ne5 Nd6 17. Re2 Nf4 18. Bxf4 Rxf4 19. Ndf3 Qe7 20. Rae1 Raf8 21.
Qb3 Bxe5 22. Nxe5 Nf7 23. Nxd7 Qxd7 24. Rxe6 Kg7 25. Rxa6 Nd6 26. Re2 Qf7 27.
Qxf7+ R8xf7 28. Rc6 Re4 29. Re3 Ref4 30. f3 R4f6 {[Remainder unavailable]} 0-1

[Event "Michigan Senior"]
[Site "Ann Arbor, MI"]
[Date "1998.??.??"]
[Round "?"]
[White "Carr, Jay"]
[Black "Merte, Otto"]
[Result "1/2-1/2"]
[WhiteElo "1695"]
[BlackElo "1605"]
[PlyCount "67"]
[EventDate "1998.06.??"]

{6/13} 1. d4 Nf6 2. c4 g6 3. Nc3 d5 4. Nf3 Bg7 5. Bf4 O-O 6. e3 c5 7. Rc1 Qa5
8. Qd2 Nc6 9. a3 dxc4 10. Bxc4 Bg4 11. Ne5 Nxe5 12. Bxe5 cxd4 13. exd4 Rac8 14.
Be2 Bxe2 15. Kxe2 e6 16. Rhd1 Rfd8 17. h3 Nd5 18. Bxg7 Kxg7 19. g3 a6 20. Qd3
Nxc3+ 21. Rxc3 Rxc3 22. Qxc3 Qxc3 23. bxc3 b5 24. f4 f6 25. Rd3 Kf7 26. Ke3 Ke7
27. Rd2 Rc8 28. Kd3 Rc4 29. Kc2 Rc7 30. Kb3 Rd7 31. Re2 Kf7 32. Re3 Rc7 33. Kb4
Rc4+ 34. Kb3 1/2-1/2

[Event "Michigan Open Reserve"]
[Site "Flint, MI"]
[Date "1998.??.??"]
[Round "?"]
[White "Carr, Jay"]
[Black "Griffin, John"]
[Result "0-1"]
[WhiteElo "1645"]
[BlackElo "1605"]
[PlyCount "150"]
[EventDate "1998.09.??"]

1. c4 c5 2. Nc3 b6 3. Nf3 Nf6 4. g3 Bb7 5. Bg2 e6 6. O-O Be7 7. d3 a6 8. e4 d6
9. Re1 O-O 10. d4 cxd4 11. Nxd4 Qc7 12. b3 Nc6 13. Ba3 Nxd4 14. Qxd4 Rad8 15.
Qe3 Rfe8 16. Rad1 Bf8 17. Rd3 Ng4 18. Qe2 Ne5 19. Rd2 Nc6 20. Red1 Rd7 21. Qe3
Red8 22. Na4 d5 23. Bb2 dxc4 24. bxc4 Rxd2 25. Rxd2 Rxd2 26. Qxd2 Na5 27. Qc1
Qxc4 28. Nxb6 Qxc1+ 29. Bxc1 Bc5 30. Na4 Bd4 31. Kf1 Nc4 32. f4 Bc6 33. Ke2
Bxa4 34. Kd3 Bb2 35. Bxb2 Nxb2+ 36. Kc3 Nd1+ 37. Kb4 Bb5 38. e5 Kf8 39. a4 Bd3
40. Bc6 Ne3 41. h4 Ke7 42. Ka5 Nd5 43. Bb7 Nc7 44. Kb6 Kd7 45. Bc6+ Kc8 46. a5
Nd5+ 47. Kc5 Kc7 48. Be8 Bg6 49. Bc6 Ne3 50. Bf3 Nf5 51. h5 Nxg3 52. hxg6 hxg6
53. Kc4 Nh5 54. Kd4 Nxf4 55. Kc4 g5 56. Kd4 Nd5 57. Bh5 f6 58. Bd1 Ne7 59. exf6
Nc6+ 60. Kc5 gxf6 61. Be2 f5 62. Bxa6 Nxa5 63. Kd4 Kd6 64. Bd3 Nc6+ 65. Ke3 Ke5
66. Bb5 Nd4 67. Bc4 f4+ 68. Kf2 g4 69. Ba6 Kf5 70. Bd3+ Kg5 71. Ba6 f3 72. Bb7
Kf4 73. Ba8 e5 74. Bd5 e4 75. Bb7 e3+ 0-1

[Event "Michigan Senior"]
[Site "Ann Arbor, MI"]
[Date "1998.??.??"]
[Round "?"]
[White "Carr, Jay"]
[Black "Dolin, Jack"]
[Result "0-1"]
[WhiteElo "1695"]
[BlackElo "1605"]
[PlyCount "152"]
[EventDate "1998.06.??"]

{6/14} 1. c4 e5 2. Nc3 Nf6 3. g3 Nc6 4. Bg2 b6 5. e3 Bb7 6. Nge2 Be7 7. O-O O-O
8. d4 Qc8 9. d5 Nb8 10. e4 d6 11. Be3 c6 12. Rc1 c5 13. h3 a6 14. a3 Ne8 15.
Kh2 Qc7 16. f4 Nd7 17. f5 Bc8 18. Qd2 Rb8 19. a4 Ndf6 20. g4 h6 21. Bf3 Bd7 22.
g5 hxg5 23. Bxg5 b5 24. Rg1 b4 25. Nb1 Bxa4 26. Rg2 Nh7 27. Bh6 Bf6 28. Rcg1
Kh8 29. Be3 Qe7 30. Rg4 Bd7 31. R4g3 a5 32. Nc1 a4 33. Qg2 Rg8 34. Bh6 Qf8 35.
Bd1 Nc7 36. h4 gxh6 37. Rxg8+ Qxg8 38. Qd2 Bg7 39. Nd3 Nf6 40. Nf2 Ra8 41. Qe3
Na6 42. Rg3 b3 43. Na3 Nb4 44. Qd2 Qb8 45. Qc1 Na6 46. Qd2 Qb4 47. Qc1 Rg8 48.
Nd3 Qa5 49. Nf2 Bf8 50. Rh3 Nb4 51. Qc3 Qd8 52. Qe3 Nc2 53. Nxc2 bxc2 54. Bxc2
Ng4+ 55. Nxg4 Rxg4 56. h5 Qg5 57. Qxg5 Rxg5 58. Bd1 f6 59. Ra3 Be8 60. Rh3 Be7
61. Rg3 Rxg3 62. Kxg3 Bd8 63. Kf2 Ba5 64. Ke3 Bb4 65. Kd3 Kg8 66. Kc2 Kf8 67.
Kb1 a3 68. b3 Bc3 69. Ka2 Bb2 70. Bf3 Ke7 71. Be2 Kd7 72. Bd1 Kc7 73. Kb1 Kb6
74. Be2 Ka5 75. Bf3 Kb4 76. Kc2 Bd4 0-1

[Event "Kalamazoo Mini-Swiss.1"]
[Site "Kalamazoo, MI"]
[Date "1998.??.??"]
[Round "?"]
[White "Carr, Jay"]
[Black "Anderson, Gale"]
[Result "0-1"]
[WhiteElo "1695"]
[BlackElo "1795"]
[PlyCount "102"]
[EventDate "1998.??.??"]

1. c4 c5 2. g3 Nf6 3. Bg2 Nc6 4. Nc3 g6 5. e3 Bg7 6. Nge2 e5 7. O-O O-O 8. d3
d6 9. Rb1 Bg4 10. h3 Be6 11. Nd5 Bxd5 12. cxd5 Ne7 13. e4 b5 14. a3 a5 15. Bd2
b4 16. Qc2 Nd7 17. Rfc1 Nb6 18. g4 Qd7 19. Ng3 Ra7 20. Nf1 Rb8 21. Ne3 Bh6 22.
Bf3 Rab7 23. Nc4 Bxd2 24. Nxb6 Rxb6 25. Qxd2 bxa3 26. Qxa5 axb2 27. Rc2 Rb4 28.
Be2 Qb7 29. Qa3 Rb3 30. Qa5 Rb4 31. Qa3 Kg7 32. Kg2 Ra8 33. Qc3 Ra2 34. Qd2 h6
35. h4 Nc8 36. Kg3 Ne7 37. f4 exf4+ 38. Kxf4 Nxd5+ 39. Kg3 Nf6 40. Bf1 Qb5 41.
Be2 Qb8 42. Kh3 Rb3 43. g5 hxg5 44. hxg5 Nh7 45. Kh4 f6 46. gxf6+ Nxf6 47. Bf3
Rb4 48. Qe2 Kf7 49. Qf1 d5 50. Kh3 dxe4 51. Bxe4 c4 0-1

[Event "Michigan Open Reserve"]
[Site "Flint, MI"]
[Date "1998.??.??"]
[Round "?"]
[White "Carpenter, T."]
[Black "Scioly, Tony"]
[Result "0-1"]
[WhiteElo "1605"]
[BlackElo "1605"]
[PlyCount "68"]
[EventDate "1998.09.??"]

1. e4 c5 2. Nf3 d6 3. Bc4 e6 4. d3 Nf6 5. Nc3 Be7 6. Be3 O-O 7. O-O d5 8. exd5
exd5 9. Bb3 d4 10. Bf4 dxc3 11. bxc3 Nc6 12. Re1 Bg4 13. h3 Bxf3 14. Qxf3 Rc8
15. Rad1 b5 16. a4 a6 17. axb5 axb5 18. Qe3 Nd5 19. Bxd5 Qxd5 20. c4 bxc4 21.
c3 Bf6 22. Qe4 Qxe4 23. Rxe4 Bxc3 24. Rxc4 Bd4 25. Bd6 Ne5 26. Ra4 Rfd8 27. Be7
Rd7 28. Bg5 f6 29. Be3 Bxe3 30. fxe3 Rxd3 31. Re1 c4 32. e4 c3 33. Rc1 c2 34.
Kf1 Rd1+ 0-1

[Event "Michigan Open Reserve"]
[Site "Flint, MI"]
[Date "1998.??.??"]
[Round "?"]
[White "Carpenter, T."]
[Black "Crist, Kevin"]
[Result "0-1"]
[WhiteElo "1605"]
[BlackElo "1605"]
[PlyCount "62"]
[EventDate "1998.09.??"]

1. e4 e5 2. Nf3 Nf6 3. Nc3 d6 4. Bc4 Be6 5. Bxe6 fxe6 6. d3 d5 7. Nxe5 d4 8.
Na4 b5 9. c3 Qd6 10. cxd4 bxa4 11. Qxa4+ Nbd7 12. Nf3 Be7 13. e5 Qd5 14. exf6
Bxf6 15. O-O O-O 16. Bd2 Be7 17. Rfe1 Nb6 18. Qc2 Rac8 19. b3 c5 20. Qc3 h6 21.
h4 Bd6 22. g3 Qxf3 23. Rf1 Nd5 24. Qa5 Qxd3 25. Qxa7 Qxd2 26. Qd7 Bxg3 27.
Qxe6+ Kh8 28. fxg3 Qxd4+ 29. Kh1 Rfe8 30. Qg6 Ne3 31. Kh2 Qd2+ 0-1

[Event "Kalamazoo Mini-Swiss.2"]
[Site "Kalamazoo, MI"]
[Date "1998.??.??"]
[Round "?"]
[White "Carpenter, O."]
[Black "Tuzeneu, Jim"]
[Result "0-1"]
[WhiteElo "1605"]
[BlackElo "1605"]
[PlyCount "75"]
[EventDate "1998.??.??"]

1. Nf3 d5 2. g3 e6 3. Bg2 Nc6 4. O-O Nf6 5. d3 Be7 6. Nbd2 O-O 7. e4 dxe4 8.
dxe4 e5 9. Qe1 b6 10. Nc4 Ba6 11. Nfd2 b5 12. Ne3 Bc8 13. h3 Bc5 14. Nb3 Bb6
15. c3 Ba6 16. f4 b4 17. Rf2 Nd7 18. Bf1 Bb7 19. c4 Nc5 20. Nxc5 Bxc5 21. Kh2
Nd4 22. Bg2 Qd6 23. Rd2 exf4 24. Nf5 fxg3+ 25. Qxg3 Qxg3+ 26. Nxg3 Rfe8 27. b3
Rad8 28. a4 Bc8 29. Rb1 Re5 30. Rf2 Bd6 31. Bf4 Re6 32. Bxd6 Rdxd6 33. Nf5 Rd7
34. Nxd4 Rxd4 35. Rf5 Rd3 36. e5 g6 37. Rf6 Kg7 38. Rf3 $138 0-1

[Event "Michigan Open Reserve"]
[Site "Flint, MI"]
[Date "1998.??.??"]
[Round "?"]
[White "Carpenter, O."]
[Black "Foord, Allan"]
[Result "0-1"]
[WhiteElo "1605"]
[BlackElo "1605"]
[PlyCount "120"]
[EventDate "1998.09.??"]

1. Nf3 Nf6 2. g3 g6 3. Bg2 d5 4. O-O Bg7 5. d3 O-O 6. Nbd2 c5 7. Qe1 Nc6 8. e4
Nb4 9. Qd1 Bg4 10. h3 Bd7 11. a3 Nc6 12. c3 e5 13. Re1 Re8 14. Nf1 h6 15. Nh4
Be6 16. f4 exf4 17. gxf4 dxe4 18. dxe4 Qe7 19. Bd2 Nxe4 20. Rxe4 Qd6 21. Qc1
Red8 22. b4 Bd5 23. Re2 Bc4 24. Rf2 a5 25. Rb1 Bd3 26. bxc5 Qxc5 27. Rxb7 Ba6
28. Rb2 Rac8 29. Nf3 Qxa3 30. Rb1 Qc5 31. Be3 Qxc3 32. Qxc3 Bxc3 33. Ne1 Re8
34. Rc2 Nb4 35. Rf2 Bxf1 36. Kxf1 Rxe3 37. Rf3 Rce8 38. Rxe3 Rxe3 39. Kf2 Rxe1
40. Rxe1 Bxe1+ 41. Kxe1 a4 42. Kd1 a3 43. Kc1 Nd3+ 44. Kb1 Nxf4 45. Bf1 g5 46.
Ka2 Kg7 47. Kxa3 Kg6 48. Kb2 Kh5 49. Kc2 Kh4 50. Kd2 Nxh3 51. Ke3 Kg3 52. Bxh3
Kxh3 53. Kf3 g4+ 54. Kf2 Kh2 55. Kf1 g3 56. Ke1 g2 57. Ke2 g1=Q 58. Kf3 Qg2+
59. Kf4 Kh3 60. Kf5 Qf3+ 0-1

[Event "Michigan Open Reserve"]
[Site "Flint, MI"]
[Date "1998.??.??"]
[Round "?"]
[White "Carpenter, George"]
[Black "Russell, Scott"]
[Result "0-1"]
[WhiteElo "1605"]
[BlackElo "1605"]
[PlyCount "90"]
[EventDate "1998.09.??"]

1. Nf3 Nf6 2. g3 d5 3. Bg2 e6 4. O-O b6 5. d3 Bb7 6. Nbd2 Nbd7 7. c3 Bd6 8. Qc2
Qe7 9. Re1 O-O-O 10. e4 Ng4 11. h3 Nge5 12. Nxe5 Bxe5 13. d4 Bf6 14. exd5 Qf8
15. dxe6 fxe6 16. Bxb7+ Kxb7 17. Rxe6 Kb8 18. Ne4 Qf7 19. Qb3 Qh5 20. Bf4 Rc8
21. Nxf6 gxf6 22. c4 Qxh3 23. Rae1 h5 24. Qb5 h4 25. Qxd7 hxg3 26. Bxc7+ Rxc7
27. Re8+ Kb7 28. Qxh3 Rxh3 29. b3 gxf2+ 30. Kg2 fxe1=Q 31. Rxe1 Rch7 32. d5
Rh2+ 33. Kf3 Rxa2 34. d6 Kc8 35. Kf4 Rf2+ 36. Ke4 Kd7 37. Rd1 Rg2 38. Rd3 Rf7
39. Kd5 f5 40. Rc3 Rd2+ 41. Ke5 Rxd6 42. b4 f4 43. c5 bxc5 44. bxc5 Rc6 45. Kd5
Rf5+ 0-1

[Event "Kalamazoo Mini-Swiss.2"]
[Site "Kalamazoo, MI"]
[Date "1998.??.??"]
[Round "?"]
[White "Carpenter, George"]
[Black "Roth, Bruce"]
[Result "0-1"]
[WhiteElo "1605"]
[BlackElo "1605"]
[PlyCount "92"]
[EventDate "1998.??.??"]

1. Nf3 d5 2. g3 Nf6 3. Bg2 Nc6 4. O-O e6 5. d3 Bd6 6. Nbd2 O-O 7. Re1 Re8 8. e4
dxe4 9. Nxe4 Nxe4 10. Rxe4 Be7 11. c3 Bf6 12. d4 e5 13. Qe2 Bf5 14. Re3 exd4
15. cxd4 Nxd4 16. Nxd4 Bxd4 17. Rxe8+ Qxe8 18. Qc4 Qe1+ 19. Qf1 Bxf2+ 20. Kh1
Qxf1+ 21. Bxf1 Be4+ 22. Bg2 Bxg2+ 23. Kxg2 Bd4 24. Bf4 c5 25. Rd1 b6 26. b3 Re8
27. Kf3 h6 28. h4 f5 29. Rd3 Kf7 30. Be3 Rxe3+ 31. Rxe3 Bxe3 32. Kxe3 Ke6 33.
Kf4 g6 34. g4 fxg4 35. Kxg4 Ke5 36. h5 gxh5+ 37. Kxh5 Kd4 38. Kxh6 Kc3 39. Kg5
Kb2 40. Kf4 Kxa2 41. Ke3 Kxb3 42. Kd3 a5 43. Kd2 a4 44. Kc1 c4 45. Kb1 c3 46.
Kc1 c2 0-1

[Event "Michigan Open Reserve"]
[Site "Flint, MI"]
[Date "1998.??.??"]
[Round "?"]
[White "Carpenter, George"]
[Black "Lynem, Charles"]
[Result "1-0"]
[WhiteElo "1605"]
[BlackElo "1605"]
[PlyCount "115"]
[EventDate "1998.09.??"]

1. Nf3 d5 2. g3 Nf6 3. Bg2 c5 4. O-O e6 5. d3 Nc6 6. Nbd2 Bd6 7. c3 O-O 8. Qc2
Re8 9. e4 Qc7 10. Re1 b6 11. b3 Ba6 12. Bb2 Nd7 13. Re3 Nde5 14. Rae1 Nxd3 15.
Rxd3 Bxd3 16. Qxd3 dxe4 17. Nxe4 Rad8 18. Qe3 Ne5 19. Qg5 Nxf3+ 20. Bxf3 Be7
21. Qh5 Rd3 22. Bg4 Red8 23. c4 g6 24. Qh6 e5 25. f4 f6 26. Be6+ Kh8 27. Bf7
Bf8 28. Qh4 Qxf7 29. Nxf6 h5 30. Bxe5 Bg7 31. g4 Rf8 32. gxh5 gxh5 33. Nxh5
Bxe5 34. Nf6+ Kg7 35. Rxe5 Qxf6 36. Rg5+ Kf7 37. Qh7+ Ke8 38. Qxd3 Qxf4 39.
Qg6+ Kd8 40. Rd5+ Ke7 41. Qg7+ Rf7 42. Qe5+ Qxe5 43. Rxe5+ Kf6 44. Rd5 Ke6 45.
h4 Rh7 46. h5 Kf6 47. Kg2 Kg7 48. Kg3 Kh6 49. Kf4 Rg7 50. Rd6+ Kh7 51. h6 Rf7+
52. Kg5 Re7 53. Kf6 Rb7 54. Ke5 Re7+ 55. Kd5 Rc7 56. Re6 Kg8 57. Kd6 Rf7 58.
Re8+ 1-0